000 00442nam a2200157Ia 4500
008 210210b1994 xxu||||| |||| 00| 0 eng d
020 _a81 7371 003 1
082 _a530.12 VENQ
100 _aVENKATARAMAN (G).
245 _aQuantum revolution II Qed: the jewel of physics.
260 _aIndia
_bUniversities Press
_c1994
300 _aviii,136
650 _aVignettes Physics Quantum Q E D
690 _aQuantum Mechanics
906 _a048159
999 _c97283
_d97283